000 00529nam a22001817a 4500
005 20150324142439.0
010 _aENG-112245
020 _c190.00
035 _aEN-95777
037 _bDBAD/PUB
082 _a657.42
245 _aCost and management accounting /
_cby G.V. Ramalingeswara Rao...[et al]
260 _aHyderabad
_bTelugu Akademi
_c2013
270 _aTelugu Akademi
_bHyderabad
_e500029
300 _a486p.
_b24cm(pbk)
700 _aRamalingeswara Rao, G.V.
942 _2ddc
_cEN
_mCOS
_h657.42
999 _c91938
_d91938